Statistics for Daily Country Riddle #120

Click here to take the quiz!

General Stats

  • This quiz has been taken 89 times
  • The average score is 10 of 13

Answer Stats

TypeAnswer% Correct
Found LetterA
100%
Found LetterN
96%
Correctly Placed LetterA
92%
Found LetterA
89%
Found LetterD
79%
Correctly Placed LetterA
76%
Correctly Placed LetterD
75%
Found LetterG
75%
Found LetterU
74%
Correctly Placed LetterN
63%
Correctly Placed LetterG
61%
Correctly Placed LetterU
61%
Mystery CountryUganda
61%

Score Distribution

Percentile by Number Answered

Percent of People with Each Score

Your Score History

You have not taken this quiz